00613nam a2200145Ia 4500008004100000020001800041100002100059245011600080260003900196650006400235650001200299856004500311999001900356952009200375171212s9999 xx 000 0 und d a9780874215939 aQuinn, Frederick cQuinn, FrederickaBuilding The Goodly Fellowship Of FaithbA History of the Episcopal Church in Utah, 1867-1996 bUniversity Press of Coloradoc2004 aEpiscopal Church -- Utah -- History; Utah -- Church history aHistory uwww.jstor.org/stable/10.2307/j.ctt46nxqp c353040d353040 001040aCLbCLd2017-12-12l0oBX5917.U8Q85 2004r2017-12-12 00:00:00w2017-12-12yCBE